000 01516nam a2200265 a 4500
005 20161010094324.0
008 920612s1992 ck ad r 11010 spa d
040 _ala
_cla
_dCO-BoIAVH
041 0 _aspa
044 _ack
082 0 4 _a581.634
_bS61m
111 2 _aSimposio de Plantas Medicinales (
_d: 1992 :
_cBogotá)
245 1 0 _aSimposio de plantas medicinales :
_bMemorias /
_cPrimer Simposio sobre Plantas Medicinales :homenaje al Dr. Hernando García Barriga ; organizado por el Departamento de Antropología de la Facultad de Ciencias Sociales y Educación de la Universidad Javeriana.
246 1 4 _a1er. Simposio sobre Plantas Medicinales :
_bMemorias.
260 _aSanta Fe de Bogotá :
_bPontificia Universidad Javeriana ; Colegio Máximo de Academias Colombianas, Patronato Colombiano de Artes y Ciencias. Junta Nacional del Folclor,
_c1992.
300 _a385 páginas:
_bilustraciones y tablas ;
_c24 x 16 cm.
504 _aIncluye referencias bibliográficas e índice.
650 2 6 _aBotánica
_xInvestigaciones
_zColombia
_vCongresos, conferencias, etc.
650 2 6 _aPlantas medicinales
_xInvestigaciones
_zColombia
_vCongresos, conferencias, etc.
650 2 6 _aEtnobotánica
_zColombia
_vCongresos, conferencias, etc.
700 1 _aGarcía-Barriga, Hernando
_d1913-
710 2 _aPontificia Universidad Javeriana (Bogotá)
_bDepartamento de Antropología
740 0 2 _aPrimer Simposio sobre Plantas Medicinales : memorias.
942 _2ddc
_cLIBRO
999 _c19067
_d19067